Strategic partnerships in Asia : (Record no. 14631)

000 -LEADER
fixed length control field 01436cam a22003134a 4500
001 - CONTROL NUMBER
control field 15750241
003 - CONTROL NUMBER IDENTIFIER
control field OSt
005 - DATE AND TIME OF LATEST TRANSACTION
control field 20170105102900.0
008 - FIXED-LENGTH DATA ELEMENTS--GENERAL INFORMATION
fixed length control field 090526s2010 enk b 001 0 eng
010 ## - LIBRARY OF CONGRESS CONTROL NUMBER
LC control number 2009021756
020 ## - INTERNATIONAL STANDARD BOOK NUMBER
International Standard Book Number 9780415777742 (hardback : alk. paper)
020 ## - INTERNATIONAL STANDARD BOOK NUMBER
International Standard Book Number 9780415777759 (pbk. : alk. paper)
040 ## - CATALOGING SOURCE
Original cataloging agency DLC
Transcribing agency DLC
Modifying agency DLC
043 ## - GEOGRAPHIC AREA CODE
Geographic area code a------
050 00 - LIBRARY OF CONGRESS CALL NUMBER
Classification number DS35.2
Item number .N32 2010
082 00 - DEWEY DECIMAL CLASSIFICATION NUMBER
Classification number 327.5
Edition number 22
Author Mark NAD 2010
100 1# - MAIN ENTRY--PERSONAL NAME
Personal name Nadkarni, Vidya.
245 10 - TITLE STATEMENT
Title Strategic partnerships in Asia :
Remainder of title balancing without alliances /
Statement of responsibility, etc. Vidya Nadkarni.
260 ## - PUBLICATION, DISTRIBUTION, ETC.
Place of publication, distribution, etc. London ;
-- New York :
Name of publisher, distributor, etc. Routledge,
Date of publication, distribution, etc. c2010.
300 ## - PHYSICAL DESCRIPTION
Extent 255 p. ;
Dimensions 24 cm.
504 ## - BIBLIOGRAPHY, ETC. NOTE
Bibliography, etc. note Includes bibliographical references (p. [224]-251) and index.
505 0# - FORMATTED CONTENTS NOTE
Formatted contents note Unipolarity and its implications for Asian/Eurasian security -- Strategic partnerships in Asia and Eurasia -- The Sino-Russian partnership -- The Indo-Russian partnership -- The Sino-Indian partnership -- Geopolitics and geoeconomics : will competition derail cooperation? -- Prospects for multilateralism in Asia/Eurasia -- What does the future hold?.
651 #0 - SUBJECT ADDED ENTRY--GEOGRAPHIC NAME
Geographic name Asia
General subdivision Foreign relations.
651 #0 - SUBJECT ADDED ENTRY--GEOGRAPHIC NAME
Geographic name Asia
General subdivision Politics and government
Chronological subdivision 1945-
651 #0 - SUBJECT ADDED ENTRY--GEOGRAPHIC NAME
Geographic name Asia
General subdivision Strategic aspects.
906 ## - LOCAL DATA ELEMENT F, LDF (RLIN)
a 7
b cbc
c orignew
d 1
e ecip
f 20
g y-gencatlg
942 ## - ADDED ENTRY ELEMENTS (KOHA)
Source of classification or shelving scheme
Koha item type Book
Holdings
Withdrawn status Lost status Damaged status Not for loan Collection code Permanent Location Current Location Shelving location Date acquired Total Checkouts Full call number Barcode Date last seen Price effective from Koha item type
          Centre for International Peace & Stability (CIPS) Centre for International Peace & Stability (CIPS) General Stacks 09/16/2013   327.5 NAD 2010 CIPS0001085 10/10/2013 10/10/2013 Book
© 2023 Central Library, National University of Sciences and Technology. All Rights Reserved.